Tuberculosis, leprosy and other mycobacterial diseases of man and animals: the many hosts of mycobacteria (Record no. 60487)
[ view plain ]
| 000 -LEADER | |
|---|---|
| fixed length control field | 01009nam a2200253 a 4500 |
| 001 - CONTROL NUMBER | |
| control field | 18489646 |
| 008 - FIXED-LENGTH DATA ELEMENTS--GENERAL INFORMATION | |
| fixed length control field | 161121s2015 ||||||||||||||||| || u |
| 010 ## - LIBRARY OF CONGRESS CONTROL NUMBER | |
| LC control number | 2015005314 |
| 020 ## - INTERNATIONAL STANDARD BOOK NUMBER | |
| International Standard Book Number | 9781780643960 |
| 050 ## - LIBRARY OF CONGRESS CALL NUMBER | |
| Classification number | QR 201 Tub |
| 100 ## - MAIN ENTRY--PERSONAL NAME | |
| Personal name | Chambers, Mark |
| 245 10 - TITLE STATEMENT | |
| Title | Tuberculosis, leprosy and other mycobacterial diseases of man and animals: the many hosts of mycobacteria |
| Statement of responsibility, etc. | Edited by Harshini Mukundan, Mark Chambers, Ray Waters, Michelle H. Larsen. |
| 260 ## - PUBLICATION, DISTRIBUTION, ETC. | |
| Place of publication, distribution, etc. | Oxfordshire |
| Name of publisher, distributor, etc. | CPI Group |
| Date of publication, distribution, etc. | 2015 |
| 300 ## - PHYSICAL DESCRIPTION | |
| Extent | xvii, 561p., ill. |
| 500 ## - GENERAL NOTE | |
| General note | Includes bibliographical references and index. |
| 650 #3 - SUBJECT ADDED ENTRY--TOPICAL TERM | |
| Topical term or geographic name entry element | Tuberculosis - veterinary |
| 650 #3 - SUBJECT ADDED ENTRY--TOPICAL TERM | |
| Topical term or geographic name entry element | TUBERCULOSIS |
| 650 #3 - SUBJECT ADDED ENTRY--TOPICAL TERM | |
| Topical term or geographic name entry element | Mycobacterium Infections |
| 650 #3 - SUBJECT ADDED ENTRY--TOPICAL TERM | |
| Topical term or geographic name entry element | Mycobacterium Infections - veterinary |
| 700 ## - ADDED ENTRY--PERSONAL NAME | |
| Personal name | Waters, Ray |
| 700 ## - ADDED ENTRY--PERSONAL NAME | |
| Personal name | Mukundan, Harshini |
| 700 ## - ADDED ENTRY--PERSONAL NAME | |
| Personal name | Larsen, Michelle H |
| 995 ## - RECOMMENDATION 995 [LOCAL, UNIMARC FRANCE] | |
| -- | CBU-MAIN LIBRARY (Kitwe) |
| -- | 1 |
| -- | AVAILABLE |
| -- | Nov 21, 2016 |
| -- | Main Library Open Access Collection |
| Withdrawn status | Lost status | Source of classification or shelving scheme | Damaged status | Not for loan | Home library | Current library | Shelving location | Date acquired | Total Checkouts | Full call number | Barcode | Date last seen | Price effective from | Koha item type |
|---|---|---|---|---|---|---|---|---|---|---|---|---|---|---|
| CBU-MAIN LIBRARY, KITWE. | CBU-MAIN LIBRARY, KITWE. | 11/30/2022 | QR 201 Tub | 747055 | 11/30/2022 | 11/30/2022 | MONOGRAPH |